Đang tải...
International treasury management
| Tác giả chính: | |
|---|---|
| Tác giả khác: | , |
| Định dạng: | Printed Book |
| Ngôn ngữ: | Undetermined English |
| Được phát hành: |
Cambridge
Woodhead - Faulkner
1987
|
| Những chủ đề: |
| LEADER | 00692nam a2200229Ia 4500 | ||
|---|---|---|---|
| 008 | 140306s9999 xx 000 0 und d | ||
| 020 | |a 0 85941 363 2 | ||
| 041 | |a eng | ||
| 082 | |a 332 .1 |b ROS/IN | ||
| 100 | |a clark, Lan | ||
| 245 | |a International treasury management | ||
| 260 | |a Cambridge |b Woodhead - Faulkner |c 1987 | ||
| 300 | |a 184 | ||
| 365 | |b U.K.P.45 | ||
| 650 | |a Banking | ||
| 650 | |a foreign exchange management | ||
| 650 | |a taxation | ||
| 700 | |a Ross, Derek | ||
| 700 | |a Taoyab, Serajul | ||
| 942 | |2 ddc |c BK | ||
| 999 | |c 183715 |d 183715 | ||
| 952 | |0 0 |1 0 |2 ddc |4 0 |6 332_000000000000000__1_ROS_IN |7 0 |9 189530 |a KAUCBV |b KAUCBV |d 2004-02-03 |g 0.00 |o 332 .1 ROS/IN |r 2014-03-22 |w 2014-03-22 |y BK | ||